Największe państwa Imperium Francuskiego - Statystyki

Ogólne statystyki
  • Ten quiz został rozwiązany 263 razy
  • Średni wynik to 8 z 14
Statystyki odpowiedzi
% kraju km2 Państwo % Poprawnych
100 650,000 Francja
84%
100 2,400,000 Algieria
83%
25 2,500,000 Kanada
68%
100 1,240,000 Mali
68%
56 400,000 Maroko
68%
100 1,270,000 Niger
64%
22 2,140,000 Stany Zjednoczone
63%
100 1,280,000 Czad
61%
100 1,030,000 Mauretania
61%
100 330,000 Wietnam
48%
100 340,000 Kongo
47%
100 590,000 Madagaskar
41%
100 620,000 Republika Środkowoafrykańska
34%
100 320,000 Wybrzeże Kości Słoniowej
25%
Nie znaleziono quizów pasujących do podanych kryteriów
Rozkład punktacji
Procent ludzi z każdym wynikiem
Percentyl według liczby udzielonych odpowiedzi
Twoja historia wyników
Nie rozwiązałeś tego quizu